|
|
|
|
| LEADER |
00000nam1a2200000 4500 |
| 001 |
126648 |
| 005 |
20250513161653.0 |
| 035 |
|
|
|a (RuTPU)RU\TPU\book\137007
|
| 090 |
|
|
|a 126648
|
| 100 |
|
|
|a 20071130d m y0rusy50 ca
|
| 101 |
0 |
|
|a rus
|
| 102 |
|
|
|a RU
|
| 200 |
1 |
|
|a Общая и неорганическая химия
|e учебное пособие для иностранных студентов
|f Е. М. Князева
|g Томский политехнический университет (ТПУ), Институт международного образования
|
| 210 |
|
|
|a Томск
|c Изд-во ТПУ
|d 2006-
|
| 225 |
1 |
|
|a Учебники Томского политехнического университета
|
| 712 |
0 |
2 |
|a Томский политехнический университет (ТПУ)
|b Институт международного образования (ИМО)
|3 (RuTPU)RU\TPU\col\6284
|
| 801 |
|
1 |
|a RU
|b 63413507
|c 20071130
|g PSBO
|
| 801 |
|
2 |
|a RU
|b 63413507
|c 20121220
|g PSBO
|
| 850 |
|
|
|a 63413507
|
| 942 |
|
|
|c BK
|